00514nam a2200193 i 4500001000800000005001700008008004100025010001700066020001500083040001800098041000800116060001800124080001600142082001600158100000600174101000900180245010100189504003000290180861620180122053251.0800312s1980 vaua b 000 0 eng  a 79014659  a0835955826 aDLCcDLCdDLC aeng aWB141.3 B496p a616.075 BER00a616.075 BER1 a7 aKARD10aPocket guide to health assessment /cKaren J. Berger, Willa L. Fields ; [ill. by Anita Yakeley]. aBibliography: p. 145-146.